Dispositivos neumáticos

שמור ב:
מידע ביבליוגרפי
Main Authors: Deppert, W (Author), Stoll, K (Author)
פורמט: ספר
שפה:ספרדית
יצא לאור: Bogotá Alfaomega 2000
סדרה:Alfaomega, 279
נושאים:
תגים: הוספת תג
אין תגיות, היה/י הראשונ/ה לתייג את הרשומה!

MARC

LEADER 00000nam a2200000 a 4500
001 UCN8870
003 CL-VaPUC
008 011123e20000000CK |||||||||||||||||spa|d
020 |a 958682179X 
082 0 4 |a 621.51  |b DEP  |2 21 
100 0 |a Deppert, W  |e author  |9 465437 
700 0 |a Stoll, K  |e author  |9 465438 
245 1 0 |a Dispositivos neumáticos 
300 |a 188 p 
942 |c BK 
945 |d 20011123 00:00:00  |a vberengu 
260 |a Bogotá  |b Alfaomega  |c 2000 
650 0 |a Equipo neumático  |9 334292 
650 0 |a Ingeniería mecánica   |9 262089 
650 7 |a INSTRUMENTOS DE MEDIDA  |2 CL-VaPUC  |9 262517 
650 7 |a TURBOMAQUINARIA  |2 CL-VaPUC  |9 336932 
650 7 |a ENERGIA DE FLUIDOS  |2 CL-VaPUC  |9 348404 
583 |a last modification  |c 20011123 00:00:00  |k Rodrigo Vera 
490 0 |a Alfaomega, 279 
999 |c 298609  |d 298607 
952 |0 0  |1 0  |4 0  |6 621_510000000000000_DEP_2000  |7 0  |8 A  |9 354314  |a BIBMEC  |b BIBMEC  |d 2019-11-21  |i 3777715  |o 621.51 DEP 2000  |p 3777715  |r 2024-01-19  |w 2019-11-21  |y BK  |k MEC 
952 |0 0  |1 0  |4 0  |6 621_510000000000000_DEP_2000  |7 0  |8 A  |9 354317  |a BIBMEC  |b BIBMEC  |d 2019-11-21  |i 4073193  |o 621.51 DEP 2000  |p 4073193  |r 2024-01-19  |w 2019-11-21  |y BK  |k MEC